| 000 | 00896cad a22002055a 4500 | ||
|---|---|---|---|
| 001 | L156199 | ||
| 008 | 120503s201 xxk f 000 0 eng d | ||
| 035 | _a(Sirsi) u156199 | ||
| 041 | 0 | _aeng | |
| 110 | 2 |
_aUnited Kingdom _kLaws, etc. _95044 |
|
| 245 | 0 | 0 |
_aLegal Aid, Sentencing and Punishment of Offenders Act 2012 _h[electronic resource] |
| 260 |
_aLondon _bHMSO _c2012 |
||
| 520 | _aReceived Royal Assent on 1 May 2012. Introduced changes to legal aid provisions, sentencing of offenders and has made squatting in residential property a criminal offence. | ||
| 590 | _aKA NTK | ||
| 650 | 2 | 4 | _aLEGAL AID, SENTENCING AND PUNISHMENT OF OFFENDERS ACT 2012 |
| 651 | 4 |
_aEngland and Wales _y1543- |
|
| 690 |
_aResidential property _96266 |
||
| 856 | 4 | 0 |
_uhttps://www.legislation.gov.uk/ukpga/2012/10/pdfs/ukpga_20120010_en.pdf _zView the item free of charge at www.legislation.gov.uk |
| 942 | _n0 | ||
| 999 |
_c114096 _d114096 |
||